<?xml version="1.0" encoding="UTF-8"?>
<collection xmlns="http://www.loc.gov/MARC21/slim">
 <record>
  <leader>01722nam a2200229Ia 4500</leader>
  <controlfield tag="001">CTU_162935</controlfield>
  <controlfield tag="008">210402s9999    xx            000 0 und d</controlfield>
  <datafield tag="082" ind1=" " ind2=" ">
   <subfield code="a">583.748</subfield>
  </datafield>
  <datafield tag="082" ind1=" " ind2=" ">
   <subfield code="b">Tr561</subfield>
  </datafield>
  <datafield tag="088" ind1=" " ind2=" ">
   <subfield code="a">60440301</subfield>
  </datafield>
  <datafield tag="100" ind1=" " ind2=" ">
   <subfield code="a">Lê, Minh Trường</subfield>
  </datafield>
  <datafield tag="245" ind1=" " ind2="0">
   <subfield code="a">Biện pháp sinh học khống chế khả năng tái sinh của cây Mai dương (Mimosa pigra) tại Vườn Quốc gia Tràm Chim :</subfield>
  </datafield>
  <datafield tag="245" ind1=" " ind2="0">
   <subfield code="b">Luận văn Thạc sĩ Khoa học Môi trường. Chuyên ngành: Khoa học Môi trường</subfield>
  </datafield>
  <datafield tag="245" ind1=" " ind2="0">
   <subfield code="c">Lê Minh Trường; Trương Thị Nga (Hướng dẫn Khoa học)</subfield>
  </datafield>
  <datafield tag="260" ind1=" " ind2=" ">
   <subfield code="a">Cần Thơ</subfield>
  </datafield>
  <datafield tag="260" ind1=" " ind2=" ">
   <subfield code="b">Trường Đại học Cần Thơ</subfield>
  </datafield>
  <datafield tag="260" ind1=" " ind2=" ">
   <subfield code="c">2010</subfield>
  </datafield>
  <datafield tag="520" ind1=" " ind2=" ">
   <subfield code="a">Nghiên cứu và đánh giá khả năng phát triển của cây Mai dương trong điều kiện trồng các loài thực vật khác nhau như: Cỏ sả (Panicum Maximum), cỏ Vetiver, cỏ mồm (Hymenachne rugosum), Lục bình với 2 thí nghiệm đốn chặt và nhổ cây Mai dương. So sánh và đánh giá khả năng cạnh tranh của các loài cỏ trong thí nghiệm đối với sự tái sinh của cây Mai dương. Đánh giá và chọn ra loài tối ưu trong các loài thực vật trên để khống chế sự xâm lấn của cây Mai dương.</subfield>
  </datafield>
  <datafield tag="650" ind1=" " ind2=" ">
   <subfield code="a">Mimosa pigra,Mimosa pigra,Biological control systems,Cây Mai dương,Cây Mai dương,Hệ thống kiểm soát sinh học</subfield>
  </datafield>
  <datafield tag="650" ind1=" " ind2=" ">
   <subfield code="x">Control,Research,Kiểm soát,Nghiên cứu</subfield>
  </datafield>
  <datafield tag="904" ind1=" " ind2=" ">
   <subfield code="i">Năm</subfield>
  </datafield>
  <datafield tag="980" ind1=" " ind2=" ">
   <subfield code="a">Trung tâm Học liệu Trường Đại học Cần Thơ</subfield>
  </datafield>
 </record>
</collection>
